<?xml version="1.0" encoding="UTF-8"?>
<record
    xmlns:xsi="http://www.w3.org/2001/XMLSchema-instance"
    xsi:schemaLocation="http://www.loc.gov/MARC21/slim http://www.loc.gov/standards/marcxml/schema/MARC21slim.xsd"
    xmlns="http://www.loc.gov/MARC21/slim">

  <leader>00704nam a2200217Ia 4500</leader>
  <datafield tag="999" ind1=" " ind2=" ">
    <subfield code="c">41628</subfield>
    <subfield code="d">41628</subfield>
  </datafield>
  <controlfield tag="001">8297</controlfield>
  <controlfield tag="003">GE_BSU</controlfield>
  <controlfield tag="005">20240429123219.0</controlfield>
  <controlfield tag="008">181216s2012||||ru |||||||||||||| ||rus||</controlfield>
  <datafield tag="020" ind1=" " ind2=" ">
    <subfield code="a">9785459009682</subfield>
  </datafield>
  <datafield tag="040" ind1=" " ind2=" ">
    <subfield code="c">GE_BSU</subfield>
  </datafield>
  <datafield tag="080" ind1=" " ind2=" ">
    <subfield code="a">159.964.2(042.4) &#x424;-86</subfield>
  </datafield>
  <datafield tag="100" ind1=" " ind2=" ">
    <subfield code="a">&#x424;&#x440;&#x435;&#x439;&#x434;, &#x417;&#x438;&#x433;&#x43C;&#x443;&#x43D;&#x434;</subfield>
    <subfield code="9">20688</subfield>
  </datafield>
  <datafield tag="245" ind1=" " ind2=" ">
    <subfield code="a">&#x412;&#x432;&#x435;&#x434;&#x435;&#x43D;&#x438;&#x435; &#x432; &#x43F;&#x441;&#x438;&#x445;&#x43E;&#x430;&#x43D;&#x430;&#x43B;&#x438;&#x437; :</subfield>
    <subfield code="b">&#x41B;&#x435;&#x43A;&#x446;&#x438;&#x438; /</subfield>
    <subfield code="c">&#x417;&#x438;&#x433;&#x43C;&#x443;&#x43D;&#x434; &#x424;&#x440;&#x435;&#x439;&#x434; ; &#x420;&#x435;&#x434;. &#x41F;. &#x410;&#x43B;&#x435;&#x441;&#x43E;&#x432;. </subfield>
  </datafield>
  <datafield tag="264" ind1=" " ind2=" ">
    <subfield code="a">&#x421;&#x430;&#x43D;&#x43A;&#x442;-&#x41F;&#x435;&#x442;&#x435;&#x440;&#x431;&#x443;&#x440;&#x433; :</subfield>
    <subfield code="c">2012.</subfield>
  </datafield>
  <datafield tag="300" ind1=" " ind2=" ">
    <subfield code="a">384 &#x441;&#x442;&#x440;. ;</subfield>
    <subfield code="c">24&#x441;&#x43C;.</subfield>
  </datafield>
  <datafield tag="440" ind1=" " ind2=" ">
    <subfield code="a">&#x41C;&#x430;&#x441;&#x442;&#x435;&#x440;&#x430; &#x43F;&#x441;&#x438;&#x445;&#x43E;&#x43B;&#x43E;&#x433;&#x438;</subfield>
    <subfield code="9">21977</subfield>
  </datafield>
  <datafield tag="541" ind1=" " ind2=" ">
    <subfield code="h">20&#x43B;.</subfield>
  </datafield>
  <datafield tag="653" ind1=" " ind2=" ">
    <subfield code="a">&#x412;&#x432;&#x435;&#x434;&#x435;&#x43D;&#x438;&#x435; &#x432; &#x43F;&#x441;&#x438;&#x445;&#x43E;&#x430;&#x43D;&#x430;&#x43B;&#x438;&#x437;</subfield>
  </datafield>
  <datafield tag="942" ind1=" " ind2=" ">
    <subfield code="c">BK</subfield>
    <subfield code="2">udc</subfield>
  </datafield>
  <datafield tag="952" ind1=" " ind2=" ">
    <subfield code="0">0</subfield>
    <subfield code="1">0</subfield>
    <subfield code="2">udc</subfield>
    <subfield code="4">0</subfield>
    <subfield code="6">15996420424_&#x424;86</subfield>
    <subfield code="7">0</subfield>
    <subfield code="9">50529</subfield>
    <subfield code="a">CPL</subfield>
    <subfield code="b">CPL</subfield>
    <subfield code="c">GEN</subfield>
    <subfield code="d">2018-12-17</subfield>
    <subfield code="g">20.00</subfield>
    <subfield code="o">159.964.2(042.4) &#x424;-86</subfield>
    <subfield code="p">26693</subfield>
    <subfield code="r">2018-12-17</subfield>
    <subfield code="t">26693</subfield>
    <subfield code="w">2018-12-17</subfield>
    <subfield code="y">BK</subfield>
    <subfield code="z">20.00 &#x20BE;.</subfield>
  </datafield>
</record>
